مراسيل سعيد بن المسيب : جمع، ترتيب، دراسة، تخريج /
Saved in:
| 主要作者: | |
|---|---|
| 其他作者: | |
| 格式: | Thesis |
| 語言: | English Arabic |
| 出版: |
Makkah :
Jami'at Umm al-Qura,
[1989]
|
| 主題: | |
| 標簽: |
添加標簽
沒有標簽, 成為第一個標記此記錄!
|
| LEADER | 016000000a22003130004500 | ||
|---|---|---|---|
| 008 | 130617s1989 su f 000 0 eng d | ||
| 040 | |a UIAM |b eng | ||
| 041 | |a ara | ||
| 050 | 0 | 0 | |a BP136.47 |
| 100 | 1 | |a فتحي، حسن علي محمد | |
| 242 | 1 | 0 | |a Marasil Said ibn al-Musayyab : |b jam', tartib, dirasah, takhrij |
| 245 | 1 | 0 | |a مراسيل سعيد بن المسيب : |b جمع، ترتيب، دراسة، تخريج / |c إعداد، حسن علي محمد فتحي |
| 260 | |a Makkah : |b Jami'at Umm al-Qura, |c [1989] | ||
| 300 | |a 2 v. ; |c 30 cm. | ||
| 500 | |a "لنيل درجة الماجستير في الكتاب والسنة" --On t.p. | ||
| 502 | |a Thesis (M.A.)--Jami'at Umm al-Qura, [1989]. | ||
| 504 | |a Includes bibliographical references | ||
| 596 | |a 1 | ||
| 600 | 1 | 0 | |a Sa'id ibn al-Musayyab, |d 636-712 |x Criticism and interpretation |
| 600 | 1 | 0 | |a Sa'id ibn al-Musayyab, |d 636-712 |x Contributions in Hadith |
| 650 | 0 | |a Hadith |x Authorities | |
| 655 | |a Theses, Facsimile edition (Islamic) | ||
| 700 | 1 | |a Fathi, Hasan 'Ali Muhammad | |
| 710 | 2 | |a Jami'at Umm al-Qura. |b Kulliyat al-Da'wah wa-Usul al-Din | |
| 710 | 2 | |a جامعة أم القرى. |b كلية الدعوة وأصول الدين | |
| 900 | |a arf-sar | ||
| 999 | |c 432772 |d 464525 | ||
| 952 | |0 0 |6 TI BP 000136.47 F252M 1989 V2 |7 0 |8 THESES |9 753895 |a IIUM |b IIUM |c MULTIMEDIA |g 835.20 |o ti BP 136.47 F252M 1989 v2 |p 00011276185 |r 2017-10-23 |t 1 |v 835.20 |y THESIS | ||
| 952 | |0 0 |6 TI BP 000136.47 F252M 1989 V1 |7 0 |8 THESES |9 757348 |a IIUM |b IIUM |c MULTIMEDIA |g 835.20 |o ti BP 136.47 F252M 1989 v1 |p 00011276184 |r 2017-10-23 |t 1 |v 835.20 |y THESIS | ||
